000 01003nam a2200205Ia 4500
003 Ost
005 20260507075110.0
008 260507s9999||||xx |||||||||||||| ||und||
040 _cfsecg
041 _aara
082 _a330
100 _aجلول، حميد
_eمؤلف
245 0 _aدليل استعمال Microsoft VISUAL BASIC /
_c حميد جلول
260 _aالجزائر:
_bدار السلام,
_c2003
300 _a120 صفحة؛
_bإيضاحات ؛
_c22 سم
490 _aسلسلة تطبيقات الحاسوب
520 _a1- المبادئ الاساسية لمحيط البرمجة فيزيال بازيك والأدوات التابعة له 2-العمليات الحسابية والجمل الشرطية والحلقات التكرارية القوائم ومربعات الحوار 3- انشاء قواعد البيانات البرمجية بلغة SQLوطباعة التقارير رسومات توضحية
653 _aMicrosoft VISUAL BASIC
942 _cكتاب
999 _c42870
_d42870